Census of India 1981: Provision population totals, Andhra Pradesh (Record no. 508139)

000 -LEADER
fixed length control field 00334nam a22001097a 4500
082 ## - DEWEY DECIMAL CLASSIFICATION NUMBER
Classification number A81x54 In2/81/2 Pap.1-1981
100 ## - MAIN ENTRY--PERSONAL NAME
Personal name Rao, S.S. Jaya
9 (RLIN) 3231
245 ## - TITLE STATEMENT
Title Census of India 1981: Provision population totals, Andhra Pradesh
260 ## - PUBLICATION, DISTRIBUTION, ETC. (IMPRINT)
Place of publication, distribution, etc Hyderabad
Name of publisher, distributor, etc Government of Andhra Pradesh
Date of publication, distribution, etc 1983
300 ## - PHYSICAL DESCRIPTION
Extent 38p.
500 ## - GENERAL NOTE
General note Paper 1 of 1981
Holdings
Withdrawn status Lost status Source of classification or shelving scheme Damaged status Koha normalized classification for sorting Not for loan Permanent location Current location Date acquired Full call number Barcode Date last seen Price effective from Koha item type
        A_81X54_IN2_81_200000000000000_PAP_11981   Indian Institute of Public Administration Indian Institute of Public Administration 2019-03-12 A81x54 In2/81/2 Pap.1-1981 GG33818 2019-03-12 2019-03-12 GG

Powered by Koha